| 000 | 00466pab a2200181 454500 | ||
|---|---|---|---|
| 008 | 180718b2001 xxu||||| |||| 00| 0 eng d | ||
| 100 | _aSuryamurthy | ||
| 245 | _aThe story of Balco disinvestments | ||
| 260 | _c2001 | ||
| 300 | _ap.18-19 | ||
| 362 | _a3 Mar | ||
| 650 | _aDisinvestment - India | ||
| 650 | _aBharat Aluminium Company Limited (Balco) | ||
| 650 | _aPublic sector - India | ||
| 650 | _aPublic sector | ||
| 773 | _aYoung Indian | ||
| 909 | _a47750 | ||
| 999 |
_c47750 _d47750 |
||